शेक्सपियर के नाटक / (Record no. 208217)

MARC details
000 -LEADER
fixed length control field 00825nam a22001937a 4500
005 - DATE AND TIME OF LATEST TRANSACTION
control field 20250108153143.0
010 ## - LCCN (DPL NO)
LC control number B-761598
020 ## - INTERNATIONAL STANDARD BOOK NUMBER
International Standard Book Number 9788196308667
Terms of availability 250.00
035 ## - SYSTEM CONTROL NUMBER
System control number B-761598
037 ## - SOURCE OF ACQUISITION
Source of stock number/acquisition उपहार
082 ## - DEWEY DECIMAL CLASSIFICATION NUMBER
Classification number 822
100 ## - MAIN ENTRY--PERSONAL NAME
Personal name उपाध्याय,गंगा प्रसाद
245 ## - TITLE STATEMENT
Title शेक्सपियर के नाटक /
Statement of responsibility, etc गंगा प्रासाद उपाध्याय
260 ## - PUBLICATION, DISTRIBUTION, ETC. (IMPRINT)
Place of publication, distribution, etc नई दिल्ली
Name of publisher, distributor, etc सुबोध बुक्स
Date of publication, distribution, etc 2023
270 ## - ADDRESS
Address 2/4240-ए,अंसारी रोड
City नई दिल्ली
Postal code 110002
300 ## - PHYSICAL DESCRIPTION
Extent 102 पृ.
Dimensions 22सेमी. (सजिल्द)
942 ## - ADDED ENTRY ELEMENTS (KOHA)
Source of classification or shelving scheme Dewey Decimal Classification
Item type Hindi Books
Classification part 822
Call number suffix उपाध्य
Holdings
Withdrawn status Lost status Not for loan Collection code Home library Current library Date acquired Source of acquisition Cost, normal purchase price Full call number Barcode Copy number Cost, replacement price Koha item type Public note
      Non-fiction RC3 Shakur Pur RC3 Shakur Pur 08/01/2025 उपहार /06/01/2025 250.00 822 उपाध्य B-761598 1 250.00 Hindi Books उपहार

© Delhi Public Library
Hit Counter
free hit counter